Πολιτική εξουσία και "Εθνικό ζήτημα" στην Ελλάδα : 1880-1910

Αποθηκεύτηκε σε:
Λεπτομέρειες βιβλιογραφικής εγγραφής
Κύριος συγγραφέας: Μαρωνίτη, Νίκη
Μορφή: Βιβλίο
Γλώσσα:Greek
Δημοσίευση: Αθήνα : Αλέξάνδρεια, 2009.
Σειρά:Νεότερη και σύγχρονη ιστορία (Αλεξάνδρεια)
Θέματα:
Ετικέτες: Προσθήκη ετικέτας
Δεν υπάρχουν, Καταχωρήστε ετικέτα πρώτοι!

MARC

LEADER 00000cam a2200000 a 4500
001 1/112350
008 161122s2009####gr | ||| |||| ||gre||
020 |a 9789602214503  
040 |a GR-MyUa  |b gre  |c GR-MyUa  |e AACR2 
041 0 |a gre 
082 7 |a 938.6   |2 (23)  
100 1 |a Μαρωνίτη, Νίκη. 
245 1 0 |a Πολιτική εξουσία και "Εθνικό ζήτημα" στην Ελλάδα :   |b 1880-1910 /   |c Νίκη Μαρωνίτη.  
260 |a Αθήνα :   |b Αλέξάνδρεια,   |c 2009.  
300 |a 495 σ. ;   |c 24 εκ.  
490 1 |a (Νεότερη και σύγχρονη ιστορία)  
504 |a Περιλαμβάνει βιβλιογραφία.  
651 0 |a Greece  |x History  |y 19th century. 
830 0 |a Νεότερη και σύγχρονη ιστορία (Αλεξάνδρεια) 
852 |a INST  |b LESVOS  |e 20161122  |h 938.6 ΜΑΡ  |p 005100058247  |q 005100058247  |t BK  |y 0 
970 |a Τζαφέρη  |b Ευαγγελία  |z 22-11-2016